Physics / (Record no. 180888)

000 -LEADER
fixed length control field 01411 a2200193 4500
003 - CONTROL NUMBER IDENTIFIER
control field Nust
005 - DATE AND TIME OF LATEST TRANSACTION
control field 20221128123651.0
010 ## - LIBRARY OF CONGRESS CONTROL NUMBER
LC control number 77028180
020 ## - INTERNATIONAL STANDARD BOOK NUMBER
International Standard Book Number 0023894601
040 ## - CATALOGING SOURCE
Transcribing agency Nust
082 00 - DEWEY DECIMAL CLASSIFICATION NUMBER
Classification number 530,ORE
100 1# - MAIN ENTRY--PERSONAL NAME
Personal name Orear, Jay.
9 (RLIN) 103672
245 10 - TITLE STATEMENT
Title Physics /
Statement of responsibility, etc. Jay Orear.
260 ## - PUBLICATION, DISTRIBUTION, ETC.
Place of publication, distribution, etc. New York :
Name of publisher, distributor, etc. Macmillan,
Date of publication, distribution, etc. c1979.
300 ## - PHYSICAL DESCRIPTION
Extent xvi, 752 p. :
Other physical details ill. ;
Dimensions 24 cm.
505 ## - FORMATTED CONTENTS NOTE
Formatted contents note Introduction (Page-1), One-Dimensional Motion (Page-22), Tow- Dimensional Motion (Page-38), Dynamics (Page-55) Gravitation (Page-79) Work and Energy (Page-97) Conservation of Energy (Page-115), Relativistic Kinematics (Page-144), Relativistic Dynamics (Page-169), Rotational Motion (Page-190), Oscillatory Motion (Page-215), Kinetic Theory (Page-234), Thermodynamics (Page-253), Second Law of Thermodynamics (Page-270), Electrostatic Force (Page-290), Electrostatics (Page-308), Current and Magnetic Force (Page-335), Magnetic Fields (Page-365), Electromagnetic Induction (Page-384), Electromagnetic Radiation and Waves (Page-417), Interaction of Radiation with Matter (Page-422), Wave Interference (Page-473), Optics (Page-496), The Wave Nature of Matter (Page-525), Quantum Mechanics (Page-541), The Hydrogen Atom (Page-564), Atomic Physics (Page-590), Condensed Matter (Page-608), Nuclear Physics (Page-642), Astrophysics (Page-677), Particle Physics (Page-698).
650 #0 - SUBJECT ADDED ENTRY--TOPICAL TERM
Topical term or geographic name entry element Physics.
942 ## - ADDED ENTRY ELEMENTS (KOHA)
Source of classification or shelving scheme
Koha item type Book
Call number prefix 530,ORE
Holdings
Withdrawn status Lost status Source of classification or shelving scheme Damaged status Not for loan Permanent Location Current Location Shelving location Date acquired Full call number Barcode Date last seen Price effective from Koha item type Public note
          Military College of Signals (MCS) Military College of Signals (MCS) General Stacks 12/12/2016 530,ORE MCS5948 12/08/2016 12/12/2016 Book Almirah No. 15 Shelf No. 4
© 2023 Central Library, National University of Sciences and Technology. All Rights Reserved.